<?xml version="1.0" encoding="UTF-8"?>
<record
    xmlns:xsi="http://www.w3.org/2001/XMLSchema-instance"
    xsi:schemaLocation="http://www.loc.gov/MARC21/slim http://www.loc.gov/standards/marcxml/schema/MARC21slim.xsd"
    xmlns="http://www.loc.gov/MARC21/slim">

  <leader>01387nam a2200205 a 4500</leader>
  <controlfield tag="001">ASIN8182744083</controlfield>
  <controlfield tag="005">20170105102844.0</controlfield>
  <controlfield tag="008">130805s2009    xxu                 eng d</controlfield>
  <datafield tag="020" ind1=" " ind2=" ">
    <subfield code="a">8182744083 (hardcover)</subfield>
    <subfield code="c">$52.95</subfield>
  </datafield>
  <datafield tag="020" ind1=" " ind2=" ">
    <subfield code="a">9788182744080 (hardcover)</subfield>
  </datafield>
  <datafield tag="040" ind1=" " ind2=" ">
    <subfield code="a">0</subfield>
  </datafield>
  <datafield tag="082" ind1=" " ind2=" ">
    <subfield code="a">00000</subfield>
  </datafield>
  <datafield tag="100" ind1="1" ind2=" ">
    <subfield code="a">Weir.</subfield>
  </datafield>
  <datafield tag="245" ind1="1" ind2="0">
    <subfield code="a">Guerilla warfare /</subfield>
    <subfield code="c">Weir.</subfield>
  </datafield>
  <datafield tag="260" ind1=" " ind2=" ">
    <subfield code="a">[S.l.] :</subfield>
    <subfield code="b">Motilal UK Books of India,</subfield>
    <subfield code="c">2009.</subfield>
  </datafield>
  <datafield tag="300" ind1=" " ind2=" ">
    <subfield code="a">253 p. ;</subfield>
    <subfield code="c">24 cm.</subfield>
  </datafield>
  <datafield tag="520" ind1=" " ind2=" ">
    <subfield code="a">The twentieth century produced scores of such conflicts, whether as sideshows of the world wars or as the main events in wars of revolution or liberation. "Guerrilla Warfare" examines twenty-one of these conflicts, shedding light on the remarkable capabilities of unconventional fighters to outlast and defeat their enemies. "Guerrilla Warfare" covers a century of unconventional fighters at war including: succinct accounts of 21 guerrilla conflicts in the twentieth century; the exploits of men like Lawrence of Arabia, Orde Wingate, Mao Zedong, and Che Guevera; the American hunt for Pancho Villa; Mao versus Chiang in the Chinese Civil War; the showdown at Dien Bien Phu in 1954; France's long war in Algeria; the Siege of Khe Sanh in the Vietnam War; the Afgan-Soviet War from 1979 to 1989; and, more.</subfield>
  </datafield>
  <datafield tag="856" ind1="4" ind2="0">
    <subfield code="3">Amazon.com</subfield>
    <subfield code="u">http://www.amazon.com/exec/obidos/ASIN/8182744083/chopaconline-20</subfield>
  </datafield>
  <datafield tag="942" ind1=" " ind2=" ">
    <subfield code="2">ddc</subfield>
    <subfield code="c">BK</subfield>
  </datafield>
  <datafield tag="999" ind1=" " ind2=" ">
    <subfield code="c">13998</subfield>
    <subfield code="d">13998</subfield>
  </datafield>
  <datafield tag="952" ind1=" " ind2=" ">
    <subfield code="0">0</subfield>
    <subfield code="1">0</subfield>
    <subfield code="4">0</subfield>
    <subfield code="7">0</subfield>
    <subfield code="8">NFIC</subfield>
    <subfield code="a">CIPS</subfield>
    <subfield code="b">CIPS</subfield>
    <subfield code="c">GEN</subfield>
    <subfield code="d">2013-08-05</subfield>
    <subfield code="l">0</subfield>
    <subfield code="o">355.0218 WEI 2009</subfield>
    <subfield code="p">CIPS0000515</subfield>
    <subfield code="r">2013-08-05</subfield>
    <subfield code="w">2017-01-05</subfield>
    <subfield code="y">BK</subfield>
  </datafield>
</record>
